| 000 | 00525nam a2200205Ia 4500 | ||
|---|---|---|---|
| 003 | GCL | ||
| 008 | 140319s9999 xx 000 0 eng d | ||
| 040 |
_aGCL / _cGCL |
||
| 082 | 0 | 4 |
_a155.6 _bL L |
| 100 | 1 | _aLIGHT, LEACH L. | |
| 245 | 1 | 0 |
_aLANGUAGE MEMORY AGING / _cLIGHT, LEACH L. |
| 700 | 1 | _aBURKE, DEBORAH | |
| 260 |
_a[S.N] : _bCAMBRIDGE UNIVERSITY PRESS ، _c1993 |
||
| 300 | _a281 P | ||
| 650 | 0 | 4 | _aPSYCHOLOGICAL ASPECTS |
| 650 | 0 | 4 | _aADULTHOOD |
| 650 | 0 | 4 | _aPSYCHOLOGICAL |
| 650 | 0 | 4 | _aAGING |
| 942 |
_2ddc _cBK |
||
| 999 |
_c25134 _d25134 |
||